Guidelines on tailings dam: planning, design, construction, operation and closure
Saved in:
| Institution som forfatter: | |
|---|---|
| Format: | Bog |
| Sprog: | engelsk |
| Udgivet: |
Sydney
Ancold
2012
|
| Udgivelse: | 1a. ed |
| Fag: | |
| Tags: |
Tilføj Tag
Ingen Tags, Vær først til at tagge denne postø!
|
MARC
| LEADER | 00000cam a2200000 a 4500 | ||
|---|---|---|---|
| 001 | UCD2884 | ||
| 003 | CL-VaPUC | ||
| 008 | 160512e20120500at |||||||||||||||||eng|d | ||
| 020 | |a 9780980819243 | ||
| 082 | 0 | 4 | |a 627.24 |b AUS |2 21 |
| 110 | 2 | |a Australian National Committee on Large Dams |e author |9 586281 | |
| 245 | 1 | 0 | |a Guidelines on tailings dam: planning, design, construction, operation and closure |
| 250 | |a 1a. ed | ||
| 300 | |a 78 p | ||
| 942 | |c BK | ||
| 945 | |d 20160512 21:36:00 |a arojas | ||
| 260 | |a Sydney |b Ancold |c 2012 | ||
| 650 | 0 | |a Diseño y construcción |9 260862 | |
| 650 | 7 | |a PRESAS |2 CL-VaPUC |9 326073 | |
| 650 | 7 | |a DIQUES |2 CL-VaPUC |9 367736 | |
| 650 | 0 | |a Arquitectura naval |9 261969 | |
| 650 | 0 | |a Astilleros |9 367735 | |
| 650 | 7 | |a CONSTRUCCION NAVAL |2 CL-VaPUC |9 260853 | |
| 583 | |a last modification |c 20160517 09:28:04 |k Rodrigo Vera | ||
| 999 | |c 363994 |d 363992 | ||
| 952 | |0 0 |1 0 |2 ddc |3 erb |4 0 |6 627_240000000000000_AUS_2012 |7 0 |8 A |9 476887 |a BIBING |b BIBING |c RES |i 5286468 |o 627.24 AUS 2012 |p 5286468 |r 2025-01-20 |w 2019-11-24 |y BK |z Catalogado en:20160512 |k CCL | ||